000 00548nam a2200181Ia 4500
008 151018s9999 xx 000 0 und d
082 _bRBASDV49778
_a891.433
100 _aसत्यजित राय
245 _aबंबई का बागी
250 _b1
260 _bकिताबहार
_c2006
300 _a72
600 _aसत्यजित राय
630 _aबंबई का बागी
700 _aसत्यजित राय
730 _aबंबई का बागी
942 _cBOOK
999 _c1048778
_d1048775